000 00379nam a22001697a 4500
003 UA-OsUOA
001 2313
007 ta
008 20050721b un ||||| |||| 00| 0 ukr d
100 _aGlazner
700 _aJoseph M.
942 _cBK
040 _aUA-OsUOA
_cUA-OsUOA
_dUA-OsUOA
245 _aBig apple money is rottem to the core.
_bLove story
955 _a2
650 7 _2UDC
999 _c288475
_d288475